000 00762nam a22002297a 4500
005 20140821121524.0
010 _aB-505210-237 ENG-110574
020 _a9780195675153
_c199.00
035 _aB-505210-237
035 _aEN-94106
037 _bUBH/Ven
037 _bDBAD/PUB
082 _a488.2
100 _aSeely, John
245 _aOxford guide to effective writing and speaking /
_cby John Seely
260 _aNew Delhi
_bOxford University pRESS
_c2012
270 _aYMCA Library Building, Jai Singh Road
_bNew Delhi
_e110053
300 _a312p. :
_bill.
_c24cm(pbk)
500 _aIncludes index
942 _2ddc
_cEN
_mSEE
_h488.2
999 _c74299
_d74299